00000000nam 2200000zi 4500
0019.947231
003CaOODSP
00520250121164428
006m     o  d f      
007cr bn|||||||||
008250121e198110##abcobd  ob   f000 0 eng d
040 |aCaOODSP|beng|erda|cCaOODSP
043 |an-cn-ab
0861 |aEn40-248/123E-PDF
1001 |aNeill, C. R.|q(Charles Robert),|d1926- |eauthor.
24510|aCirculation of water and sediment in the Athabasca Delta area / |cby C.R. Neill and B.J. Evans; and A.W. Lipsett for Alberta Oil Sands Environmental Research Program.
264 1|aEdmonton, Alberta : |bAlberta Oil Sands Environmental Research Program, |cOctober 1981.
300 |a1 online resource (xviii, 182 pages) : |bphotographs, maps, charts.
336 |atext|btxt|2rdacontent
337 |acomputer|bc|2rdamedia
338 |aonline resource|bcr|2rdacarrier
4901 |aAOSERP report ; |v123
500 |aDigitized edition from print [produced by Environment and Climate Change Canada].
500 |a"Project WS 3.3.1."
504 |aIncludes bibliographical references (pages 160-165).
5203 |a"The objective of the study was to describe how water and sediment from the Athabasca River are distributed through the delta system and how they circulate and mix in Lake Athabasca and flow through to the Slave River, with a view to understanding the pathways and destinations of contaminants that might reach the Athabasca River. Study components included literature reviews, remote sensing interpretations, field investigations and mathematical analyses. The project was viewed as a first stage study to sketch the essentials of the system and to outline needs and methodologies for a better definition"--Abstract.
650 0|aLake sediments|zAthabasca, Lake (Sask. and Alta.)
650 0|aWater quality|zAlberta|zAthabasca River.
650 0|aSedimentation and deposition.
650 6|aSédiments lacustres|zAthabasca, Lac (Sask. et Alb.)
650 6|aEau|xQualité|zAlberta|zAthabasca, Rivière.
650 6|aSédimentation (Géologie)
651 0|aPeace-Athabasca Delta (Alta.)
651 6|aPaix-Athabasca, Delta (Alb.)
7102 |aAlberta Oil Sands Environmental Research Program, |eissuing body.
7101 |aAlberta. |bAlberta Environment, |eissuing body.
830#0|aAOSERP report ;|v123.|w(CaOODSP)9.938755
85640|qPDF|s19,969 KB|uhttps://publications.gc.ca/collections/collection_2025/eccc/en40/En40-248-123-eng.pdf